Historiaa kirjaimittain - Y - Statistics

Yleistilastot
  • Tätä visaa on pelattu 922 kertaa
    920 viimeisimmän päivityksen jälkeen
  • Keskiarvotulos 8 / 16
Vastaustilastot
Vihje Vastaus % Oikein
Vuonna 1776 itsenäistynyt valtio Yhdysvallat
98%
Nagasaki ja Hiroshima tuhottiin tälläisella aseella 1945 Ydinase
92%
Vuonna 1945 perustettu maailman hallitusten välinen järjestö Yhdistyneet kansakunnat
87%
Yllä olevassa valtiossa sijaitseva maailman vanhin kansallispuisto Yellowstone
81%
Teollinen vallankumous käynnistyi tässä valtiossa Yhdistynyt kuningaskunta
81%
Suomen ja Neuvostoliiton välinen yhteistyösopimus, joka oli voimassa 1948−1992 YYA-sopimus
74%
Kuuden Yhdistyneen kuningaskunnan kuninkaan nimi Yrjö
73%
Maailman ensimmäinen ___ perustettiin Bolognaan 1088 Yliopisto
71%
Täällä tapahtui kultaryntäys 1890-luvulla Yukon
44%
Vuoden 1958 Suomen ja Neuvostoliiton välinen kriisi, joka alkoi siitä, että SKDL:ää ei hyväksytty hallitukseen Yöpakkaset
32%
Kamppaili Englannin kruunusta Lancaster-suvun kanssa 1400-luvulla York
29%
Japanin laivaston komentaja toisessa maailmansodassa Isoroku Yamamoto
18%
Tukholman lähellä sijaitseva vanha kaivoskylä, josta löydettiin kuusi uutta alkuainetta. Niistä neljä nimettiin kylän mukaan Ytterby
13%
Belgian Ieperissä käytiin tällä nimellä kutsuttuja kovia taisteluita ensimmäisessä maailmansodassa Ypresin taistelut
11%
Kiinaa hallinnut mongolidynastia Yuan
9%
Hän mursi "äänivallin" lentämällä ensimmäisenä yli äänennopeuden Chuck Yeager
8%
Ehtoja vastaavia visoja ei löytynyt
Tulosjakauma
Jokaisen tuloksen saaneiden osuus
Persentiili vastausten määrän mukaan
Tuloshistoriasi
Et ole pelannut tätä visaa sen viimeisimmän päivityksen jälkeen